[Event "1. OEsterreichische Internet Schach Meisterschaft - Vorrunde 3"]
[Site "Online - Playchess.com"]
[Date ""]
[Round "2"]
[Board "61"]
[White "Mittelberger, Peter"]
[Black "Schein, Leopold"]
[Result "1-0"]
[WhiteElo "2176"]
[BlackElo "1584"]
[PlyCount "51"]
[EventDate "2020.04.17"]
[EventRounds "9"]
[EventCountry "AUT"]

1. c4 e6 2. Nc3 d5 3. e3 Nf6 4. Nf3 Be7 5. d4 Nbd7 6. cxd5 exd5 7. Bd3 c6 8. O-O
O-O 9. a3 Re8 10. b4 Nf8 11. b5 Bg4 12. Be2 Ne6 13. bxc6 bxc6 14. Qa4 Qc7 15. Re1
Rab8 16. Bd2 Rb6 17. Rac1 Reb8 18. h3 Bh5 19. Ne5 Bxe2 20. Rxe2 Bd6 21. f4 Ne4 22.
Nxd5 Qb7 23. Nxb6 axb6 24. Qxc6 Bxe5 25. Qxb7 Rxb7 26. Rc8+  1-0

[Event "1. OEsterreichische Internet Schach Meisterschaft - Vorrunde 3"]
[Site "Online - Playchess.com"]
[Date ""]
[Round "2"]
[Board "62"]
[White "Gaspar, Zdravko"]
[Black "Bachlechner, Julian"]
[Result "0-1"]
[WhiteElo "1618"]
[BlackElo "2214"]
[PlyCount "100"]
[EventDate "2020.04.17"]
[EventRounds "9"]
[EventCountry "AUT"]

1. d4 d6 2. Nf3 g6 3. e3 Bg7 4. Nbd2 Nf6 5. b3 c5 6. Bb2 cxd4 7. Bxd4 Nc6 8. Bb2
O-O 9. Be2 Bd7 10. c4 Rc8 11. O-O Qa5 12. Qc1 a6 13. Bc3 Qc7 14. h3 Ne5 15. Qb2 Nxf3+
16. Nxf3 b5 17. Nd2 b4 18. Bxb4 Nd5 19. Qa3 Nxb4 20. Qxb4 Bxa1 21. Rxa1 Qc5 22. Qc3
Qe5 23. Qc1 Bc6 24. Nf3 Bxf3 25. Bxf3 Qc5 26. Qd2 Rfd8 27. Qe2 a5 28. Rd1 e6 29.
Qb2 d5 30. Be2 dxc4 31. Bxc4 Rxd1+ 32. Kh2 Qd6+ 33. g3 Rd2 34. Qf6 Rxc4 35. bxc4
e5 36. Qf3 Kg7 37. h4 Qf6 38. Qxf6+ Kxf6 39. Kg2 Rxa2 40. c5 Rc2 41. c6 Rxc6 42.
Kf1 a4 43. Ke2 e4 44. Kd2 a3 45. f3 a2 46. fxe4 a1=Q 47. Ke2 Ke5 48. Kf3 Rf6+ 49.
Kg2 Qd1 50. Kh3 h5  0-1

[Event "1. OEsterreichische Internet Schach Meisterschaft - Vorrunde 3"]
[Site "Online - Playchess.com"]
[Date ""]
[Round "2"]
[Board "63"]
[White "Krassnitzer, Julia"]
[Black "Exler, Veronika"]
[Result "0-1"]
[WhiteElo "1803"]
[BlackElo "2155"]
[PlyCount "48"]
[EventDate "2020.04.17"]
[EventRounds "9"]
[EventCountry "AUT"]

1. e4 c6 2. d4 d5 3. exd5 cxd5 4. Nf3 Nc6 5. Bd3 Qc7 6. c3 Bg4 7. O-O e6 8. Bg5 Bd6
9. Nbd2 Nf6 10. Bh4 a6 11. a4 h6 12. Bg3 O-O 13. Qb1 Bxf3 14. Nxf3 Nh5 15. Bxd6 Qxd6
16. Be2 Nf4 17. Bd1 b5 18. Re1 b4 19. Ne5 bxc3 20. bxc3 Nxe5 21. dxe5 Qc7 22. Qc1
Nd3 23. Qe3 Nxe1 24. Qe2 Qxc3  0-1

[Event "1. OEsterreichische Internet Schach Meisterschaft - Vorrunde 3"]
[Site "Online - Playchess.com"]
[Date ""]
[Round "2"]
[Board "64"]
[White "Heinrici, Simon"]
[Black "Studener, Simon"]
[Result "1-0"]
[WhiteElo "2151"]
[BlackElo "1678"]
[PlyCount "33"]
[EventDate "2020.04.17"]
[EventRounds "9"]
[EventCountry "AUT"]

1. e4 e5 2. Nf3 Nc6 3. Bc4 Bc5 4. c3 Bb6 5. d3 Nf6 6. Bb3 O-O 7. Bg5 d6 8. Nbd2 Be6
9. Nf1 d5 10. exd5 Bxd5 11. Bxd5 Qxd5 12. Bxf6 gxf6 13. Nh4 Rad8 14. Qg4+ Kh8 15.
Rd1 Qc5 16. Ne3 Rg8 17. Qh5  1-0

[Event "1. OEsterreichische Internet Schach Meisterschaft - Vorrunde 3"]
[Site "Online - Playchess.com"]
[Date ""]
[Round "2"]
[Board "65"]
[White "Wurzer, Gerhard"]
[Black "Poecksteiner, Johann"]
[Result "1/2-1/2"]
[WhiteElo "1889"]
[BlackElo "2155"]
[PlyCount "132"]
[EventDate "2020.04.17"]
[EventRounds "9"]
[EventCountry "AUT"]

1. d3 g6 2. c3 Bg7 3. Qc2 c5 4. e4 Nc6 5. Nf3 d6 6. Be2 Rb8 7. Nbd2 b5 8. O-O b4
9. c4 Nf6 10. Rb1 O-O 11. b3 Ne8 12. Bb2 Bxb2 13. Qxb2 e5 14. a4 Nc7 15. Ne1 Nd4
16. Bd1 f5 17. Nc2 Nxc2 18. Qxc2 Ne6 19. f3 Nd4 20. Qb2 f4 21. Rf2 Rb7 22. Nf1 Rg7
23. Qd2 g5 24. g4 h6 25. h3 Rf6 26. Rh2 h5 27. Rb2 Rh6 28. Qe1 Rhg6 29. Kh1 Rh6 30.
Kg1 Rgh7 31. Kh1 Qf6 32. Kg1 Qh8 33. Kh1 Kf8 34. Kg1 Ke8 35. Kh1 Kd8 36. Kg1 Kc7
37. Kh1 a5 38. Kg1 Ne6 39. Kh1 Nf8 40. Kg1 Nd7 41. Kh1 Nf6 42. Kg1 Qg7 43. Kh1 Be6
44. Kg1 Kb6 45. Kh1 Kc7 46. Kg1 Qe7 47. Kh1 Qd7 48. Kg1 hxg4 49. hxg4 Nxg4 50. fxg4
Bxg4 51. Rxh6 Rxh6 52. Rh2 Rxh2 53. Nxh2 Bxd1 54. Qxd1 Qh3 55. Qg4 Qe3+ 56. Kh1 Qxd3
57. Qf5 Qxb3 58. Qf7+ Kb6 59. Qd7 Qb1+ 60. Kg2 Qxe4+ 61. Kg1 Qd4+ 62. Kg2 e4 63.
Qd8+ Kb7 64. Qd7+ Kb6 65. Qd8+ Kb7 66. Qd7+ Kb6  1/2-1/2

[Event "1. OEsterreichische Internet Schach Meisterschaft - Vorrunde 3"]
[Site "Online - Playchess.com"]
[Date ""]
[Round "2"]
[Board "66"]
[White "Schumi, Manfred"]
[Black "Neubauer, Anton"]
[Result "1-0"]
[WhiteElo "2202"]
[BlackElo "1879"]
[PlyCount "67"]
[EventDate "2020.04.17"]
[EventRounds "9"]
[EventCountry "AUT"]

1. e4 e6 2. d4 d5 3. Nd2 Nf6 4. e5 Nfd7 5. Bd3 c5 6. c3 Nc6 7. Ngf3 cxd4 8. cxd4
Be7 9. O-O O-O 10. Re1 b6 11. a3 f6 12. exf6 Nxf6 13. Nf1 Bd7 14. Bg5 Rc8 15. Rc1
Na5 16. Rxc8 Qxc8 17. Ne5 Be8 18. Qe2 Nc6 19. Qe3 Nxe5 20. dxe5 Ne4 21. Bxe7 Rf7
22. Bh4 Nc5 23. Rc1 Qb8 24. Bg3 Nxd3 25. Qxd3 Rf5 26. Ne3 Rf7 27. Qa6 Bc6 28. h3
d4 29. Ng4 Bb7 30. Qc4 d3 31. Qxd3 Bd5 32. b4 Qb7 33. Ne3 Be4 34. Qc4  1-0

[Event "1. OEsterreichische Internet Schach Meisterschaft - Vorrunde 3"]
[Site "Online - Playchess.com"]
[Date ""]
[Round "2"]
[Board "67"]
[White "Ehs, Dominik"]
[Black "Enne, Harald"]
[Result "1-0"]
[WhiteElo "2070"]
[BlackElo "1916"]
[PlyCount "89"]
[EventDate "2020.04.17"]
[EventRounds "9"]
[EventCountry "AUT"]

1. e4 c5 2. Nf3 d6 3. d4 cxd4 4. Nxd4 Nf6 5. Nc3 a6 6. Be2 e6 7. O-O Be7 8. Kh1 Qc7
9. f4 O-O 10. Bf3 Nc6 11. g4 h6 12. f5 Ne5 13. Bg2 Nfxg4 14. h3 Nf6 15. Rg1 b5 16.
a3 Re8 17. Bf4 Kh7 18. fxe6 fxe6 19. Nf3 Nxf3 20. Qxf3 e5 21. Be3 Rf8 22. Qe2 Be6
23. Nd5 Nxd5 24. exd5 Bf5 25. c3 Qc4 26. Qd2 Qd3 27. a4 Qxd2 28. Bxd2 bxa4 29. Rxa4
g5 30. Rga1 Bd3 31. Be3 Rf6 32. Rb4 Rf7 33. Rb7 Kg7 34. Rb6 Bc4 35. b3 Bd3 36. c4
e4 37. Rbxa6 Rxa6 38. Rxa6 Bc2 39. Rb6 Kg6 40. c5 Rf6 41. Bd4 Rf4 42. cxd6 Bd8 43.
Rc6 Bxb3 44. d7+ Kf5 45. Rc8  1-0

[Event "1. OEsterreichische Internet Schach Meisterschaft - Vorrunde 3"]
[Site "Online - Playchess.com"]
[Date ""]
[Round "2"]
[Board "68"]
[White "Galler, Alexander"]
[Black "Wiedermann, Daniel"]
[Result "0-1"]
[WhiteElo "1772"]
[BlackElo "2048"]
[PlyCount "58"]
[EventDate "2020.04.17"]
[EventRounds "9"]
[EventCountry "AUT"]

1. e4 c6 2. d4 d5 3. exd5 cxd5 4. Bd3 Nc6 5. c3 g6 6. Bf4 Bf5 7. Ne2 Bxd3 8. Qxd3
Bg7 9. O-O Nf6 10. Qd2 Ne4 11. Qc1 Qb6 12. b3 Rc8 13. Bh6 Nxd4 14. Nxd4 Bxd4 15.
Be3 Bxe3 16. Qxe3 Qxe3 17. fxe3 Nxc3 18. Nxc3 Rxc3 19. Rac1 Rxc1 20. Rxc1 Kd7 21.
Rc5 e6 22. Kf2 Rc8 23. Ra5 a6 24. Ra4 Rc2+ 25. Kf3 h5 26. h4 e5 27. g3 Kd6 28. Rb4
b5 29. a4 Kc5  0-1

[Event "1. OEsterreichische Internet Schach Meisterschaft - Vorrunde 3"]
[Site "Online - Playchess.com"]
[Date ""]
[Round "2"]
[Board "69"]
[White "Sulzbacher, Michael"]
[Black "Janes, Christian"]
[Result "1-0"]
[WhiteElo "2018"]
[BlackElo "1726"]
[PlyCount "118"]
[EventDate "2020.04.17"]
[EventRounds "9"]
[EventCountry "AUT"]

1. b3 d5 2. Bb2 Nc6 3. f4 Nf6 4. Nf3 Bg4 5. e3 e6 6. Bb5 Be7 7. Bxc6+ bxc6 8. O-O
O-O 9. d3 c5 10. Qe1 Bxf3 11. Rxf3 d4 12. e4 c6 13. a4 a5 14. Nd2 Qd7 15. Rh3 Ng4
16. Nc4 Ne3 17. Nb6 Qb7 18. Nxa8 Rxa8 19. Rxe3 dxe3 20. Qxe3 Rd8 21. Rf1 h6 22. Qd2
Qb4 23. Bc3 Qb6 24. Bxa5 Qb8 25. Bxd8 Qxd8 26. Ra1 Qd4+ 27. Kf1 c4 28. Rc1 Bc5 29.
Ke2 Qf2+ 30. Kd1 Qf1+ 31. Qe1 Qxg2 32. bxc4 Qxh2 33. c3 Qxf4 34. Kc2 Qh2+ 35. Qd2
Qc7 36. d4 Ba3 37. Rb1 Qa5 38. Kd3 Qxa4 39. Ra1 Qb3 40. Qa2 Qxa2 41. Rxa2 Be7 42.
Ra8+ Kh7 43. Ra7 Bg5 44. Rxf7 Kg6 45. Rc7 h5 46. Rxc6 h4 47. Rxe6+ Kf7 48. Re5 Bf6
49. Rf5 g6 50. Rf1 Kg7 51. Ke3 g5 52. Kf3 Kg6 53. Kg4 Bd8 54. Rf5 Be7 55. c5 Bd8
56. d5 Ba5 57. c4 Bb4 58. d6 Bxc5 59. Rxc5 Kh6  1-0

[Event "1. OEsterreichische Internet Schach Meisterschaft - Vorrunde 3"]
[Site "Online - Playchess.com"]
[Date ""]
[Round "2"]
[Board "70"]
[White "Kipman, Felix"]
[Black "Birklbauer, Toni"]
[Result "0-1"]
[WhiteElo "1576"]
[BlackElo "2034"]
[PlyCount "52"]
[EventDate "2020.04.17"]
[EventRounds "9"]
[EventCountry "AUT"]

1. e4 c5 2. Nc3 Nc6 3. f4 g6 4. Bb5 Bg7 5. d3 e6 6. Nf3 Nge7 7. O-O a6 8. Bxc6 Nxc6
9. Be3 b6 10. e5 d6 11. d4 cxd4 12. Nxd4 Nxd4 13. Bxd4 d5 14. Qf3 O-O 15. f5 exf5
16. Nxd5 Be6 17. Nf6+ Bxf6 18. exf6 Qxd4+ 19. Kh1 Qxf6 20. b3 Rad8 21. Rad1 Rxd1
22. Rxd1 Rd8 23. h3 Rxd1+ 24. Qxd1 Kg7 25. Qd3 Qa1+ 26. Kh2 Qxa2  0-1

[Event "1. OEsterreichische Internet Schach Meisterschaft - Vorrunde 3"]
[Site "Online - Playchess.com"]
[Date ""]
[Round "2"]
[Board "71"]
[White "Marakovits, Nico"]
[Black "Pedevilla, Luis"]
[Result "1-0"]
[WhiteElo "2105"]
[BlackElo "1650"]
[PlyCount "101"]
[EventDate "2020.04.17"]
[EventRounds "9"]
[EventCountry "AUT"]

1. d4 d5 2. c4 e6 3. Nc3 Nf6 4. cxd5 Nxd5 5. e4 Nxc3 6. bxc3 Be7 7. Nf3 O-O 8. Be2
c5 9. O-O Nc6 10. Be3 cxd4 11. cxd4 b6 12. Rc1 Bb7 13. Qa4 Nb4 14. a3 Nc6 15. Rxc6
Bxc6 16. Qxc6 Bxa3 17. Ba6 Qd6 18. Qxd6 Bxd6 19. Rc1 h6 20. Rc6 Rfd8 21. Kf1 Rab8
22. e5 Bb4 23. Rc7 Ra8 24. Ke2 Rd5 25. Bb7 Rdd8 26. Bxa8 Rxa8 27. Bd2 Bxd2 28. Nxd2
a5 29. Nb1 Rb8 30. Kd2 Kf8 31. Kd3 f6 32. f4 f5 33. h3 g5 34. g3 b5 35. Rh7 a4 36.
Rh8+ Kf7 37. Rxb8 gxf4 38. gxf4 a3 39. Nxa3 b4 40. Rxb4 Kg6 41. Rb3 Kf7 42. Nc4 Ke7
43. Nd6 Kd7 44. d5 exd5 45. Kd4 Ke6 46. Kc5 h5 47. Rb8 Ke7 48. Kxd5 Kd7 49. Rb7+
Kd8 50. Kc6 h4 51. Rd7#  1-0

[Event "1. OEsterreichische Internet Schach Meisterschaft - Vorrunde 3"]
[Site "Online - Playchess.com"]
[Date ""]
[Round "2"]
[Board "72"]
[White "Hessenberger, Andreas"]
[Black "Tolstykh, Makarius"]
[Result "1-0"]
[WhiteElo "2019"]
[BlackElo "1061"]
[PlyCount "41"]
[EventDate "2020.04.17"]
[EventRounds "9"]
[EventCountry "AUT"]

1. e4 c6 2. d4 d5 3. exd5 cxd5 4. Bd3 Nc6 5. c3 Nf6 6. f4 e6 7. Nf3 Bd6 8. Qe2 O-O
9. O-O Re8 10. Ne5 Bd7 11. Nd2 Bc7 12. Rf3 Nxe5 13. fxe5 Ne4 14. Nxe4 dxe4 15. Qxe4
Bc6 16. Qxh7+ Kf8 17. Rxf7+ Kxf7 18. Qg6+ Kf8 19. Bg5 Qd7 20. Rf1+ Kg8 21. Qh7#  1-0

[Event "1. OEsterreichische Internet Schach Meisterschaft - Vorrunde 3"]
[Site "Online - Playchess.com"]
[Date ""]
[Round "2"]
[Board "73"]
[White "Lerch, Johannes"]
[Black "Soelkner, Julian"]
[Result "1-0"]
[WhiteElo "2005"]
[BlackElo "1484"]
[PlyCount "31"]
[EventDate "2020.04.17"]
[EventRounds "9"]
[EventCountry "AUT"]

1. e4 c6 2. Nc3 d5 3. Nf3 d4 4. Ne2 c5 5. c3 d3 6. Nf4 c4 7. Qa4+ Nc6 8. Qxc4 e6
9. Qxd3 Qc7 10. Ne2 b6 11. Qc2 Ba6 12. d3 Nf6 13. Bf4 Qd7 14. d4 Be7 15. Ng3 O-O
16. Bxa6  1-0

[Event "1. OEsterreichische Internet Schach Meisterschaft - Vorrunde 3"]
[Site "Online - Playchess.com"]
[Date ""]
[Round "2"]
[Board "74"]
[White "Schneider-Zinner, Werner"]
[Black "Dilly, Julian"]
[Result "0-1"]
[WhiteElo "1967"]
[BlackElo "1502"]
[PlyCount "80"]
[EventDate "2020.04.17"]
[EventRounds "9"]
[EventCountry "AUT"]

1. d4 Nf6 2. Nf3 g6 3. Bf4 Bg7 4. e3 d6 5. h3 Nbd7 6. Be2 c5 7. c3 O-O 8. O-O b6
9. Nbd2 Bb7 10. a4 a5 11. b4 Nh5 12. Bh2 axb4 13. cxb4 cxb4 14. Nb3 Bc6 15. a5 Bd5
16. axb6 Rxa1 17. Nxa1 Qxb6 18. Nd2 Nhf6 19. Nab3 Ne4 20. Nxe4 Bxe4 21. Bf3 Bxf3
22. Qxf3 Qa6 23. Rc1 Qa3 24. Qd1 Ra8 25. Nd2 Nb6 26. Bg3 e5 27. dxe5 Bxe5 28. Bxe5
dxe5 29. Nc4 Nxc4 30. Rxc4 b3 31. Qd7 b2 32. Rc8+ Rxc8 33. Qxc8+ Kg7 34. Qb7 Qa1+
35. Kh2 b1=Q 36. Qe7 Qbb2 37. h4 Qxf2 38. h5 Qag1+ 39. Kh3 Qfxg2+ 40. Kh4 Qg4#  0-1

[Event "1. OEsterreichische Internet Schach Meisterschaft - Vorrunde 3"]
[Site "Online - Playchess.com"]
[Date ""]
[Round "2"]
[Board "75"]
[White "Kainz, Josef"]
[Black "Hoelzl, Bernhard"]
[Result "0-1"]
[WhiteElo "2005"]
[BlackElo "1392"]
[PlyCount "42"]
[EventDate "2020.04.17"]
[EventRounds "9"]
[EventCountry "AUT"]

1. d4 e6 2. c4 d5 3. Nf3 Nf6 4. g3 Be7 5. Bg2 O-O 6. O-O dxc4 7. Qc2 c5 8. Qxc4 cxd4
9. Rd1 Nc6 10. Nxd4 Nxd4 11. Rxd4 Qb6 12. Nc3 Bd7 13. Be3 Rac8 14. Na4 Rxc4 15. Nxb6
Rxd4 16. Nxd7 Rxd7 17. Bxa7 Rfd8 18. Bb6 Rd1+ 19. Rxd1 Rxd1+ 20. Bf1 Nd5 21. Bd4
Rxd4  0-1

[Event "1. OEsterreichische Internet Schach Meisterschaft - Vorrunde 3"]
[Site "Online - Playchess.com"]
[Date ""]
[Round "2"]
[Board "76"]
[White "Lammer, Michael"]
[Black "Schwabeneder, Alois"]
[Result "1/2-1/2"]
[WhiteElo "1501"]
[BlackElo "2004"]
[PlyCount "48"]
[EventDate "2020.04.17"]
[EventRounds "9"]
[EventCountry "AUT"]

1. e4 d5 2. exd5 Qxd5 3. Nc3 Qa5 4. Nf3 Nf6 5. Bc4 Bf5 6. Bxf7+ Kxf7 7. O-O c6 8.
Re1 e6 9. Ng5+ Kg8 10. Nxe6 Bxe6 11. Rxe6 Qf5 12. Qe1 Qxc2 13. Rxc6 h6 14. Qe6+ Kh7
15. Rc8 Bb4 16. Rxh8+ Kxh8 17. Qc8+ Kh7 18. h3 Qd3 19. a3 Bxc3 20. bxc3 Qe2 21. Qf5+
Kg8 22. Qc8+ Kh7 23. Qf5+ Kg8 24. Qc8+ Kh7  1/2-1/2

[Event "1. OEsterreichische Internet Schach Meisterschaft - Vorrunde 3"]
[Site "Online - Playchess.com"]
[Date ""]
[Round "2"]
[Board "78"]
[White "Horvath, Maria"]
[Black "Kellner, Nikolaus"]
[Result "1-0"]
[WhiteElo "1995"]
[BlackElo "1685"]
[PlyCount "71"]
[EventDate "2020.04.17"]
[EventRounds "9"]
[EventCountry "AUT"]

1. d4 f5 2. Nf3 Nf6 3. g3 e6 4. Bg2 d5 5. b3 Bd6 6. O-O O-O 7. Ba3 Bxa3 8. Nxa3 Qe7
9. Qc1 Na6 10. c4 c6 11. Nc2 b6 12. Nce1 Bb7 13. Nd3 Nc7 14. Nfe5 c5 15. cxd5 exd5
16. e3 cxd4 17. exd4 Nb5 18. Qb2 Rac8 19. Rfe1 Qd6 20. Rac1 Ne4 21. f3 Nec3 22. a4
Qa3 23. Qd2 Qa2 24. Rc2 Qxb3 25. axb5 Nb1 26. Rxb1 Qxb1+ 27. Rc1 Rxc1+ 28. Nxc1 Qxb5
29. Ncd3 Ba6 30. Nf4 Rc8 31. h4 Rc7 32. Kh2 Qa4 33. Qb2 Rc2 34. Qb1 Qa2 35. Qb4 Rxg2+
36. Nxg2  1-0

[Event "1. OEsterreichische Internet Schach Meisterschaft - Vorrunde 3"]
[Site "Online - Playchess.com"]
[Date ""]
[Round "2"]
[Board "79"]
[White "Moerzinger, Christian Jun."]
[Black "Filek, Mattias"]
[Result "0-1"]
[WhiteElo "1638"]
[BlackElo "1932"]
[PlyCount "86"]
[EventDate "2020.04.17"]
[EventRounds "9"]
[EventCountry "AUT"]

1. e4 e5 2. Nf3 Nc6 3. g3 Bc5 4. Bg2 Nf6 5. d3 d5 6. exd5 Nxd5 7. O-O O-O 8. c3 Bg4
9. h3 Bh5 10. Kh2 Re8 11. Qe1 Nf6 12. Qd2 Qe7 13. b4 Bb6 14. Bb2 Rad8 15. Qc2 a6
16. Nbd2 Qd7 17. Ne4 Qxd3 18. Nxf6+ gxf6 19. Qxd3 Rxd3 20. Rad1 Rxf3 21. Bxf3 Bxf3
22. Rd7 Rd8 23. Rxd8+ Nxd8 24. a4 Ne6 25. a5 Ba7 26. Bc1 Ng5 27. h4 Ne6 28. Bh6 f5
29. Kg1 f6 30. Rc1 Kf7 31. Rc2 f4 32. Rd2 Kg6 33. gxf4 Kxh6 34. fxe5 fxe5 35. Rd7
Kg6 36. Rd3 e4 37. Rd7 h5 38. Kf1 Kf5 39. Rh7 Kg4 40. Rh6 Nf4 41. Rh7 Ne6 42. Rh6
Kf5 43. Rxh5+ Bxh5  0-1

[Event "1. OEsterreichische Internet Schach Meisterschaft - Vorrunde 3"]
[Site "Online - Playchess.com"]
[Date ""]
[Round "2"]
[Board "80"]
[White "Kosc, Renata"]
[Black "Schwarz, Benedikt"]
[Result "0-1"]
[WhiteElo "1988"]
[BlackElo "1815"]
[PlyCount "90"]
[EventDate "2020.04.17"]
[EventRounds "9"]
[EventCountry "AUT"]

1. e4 e6 2. d4 d5 3. Nc3 Nf6 4. e5 Nfd7 5. f4 c5 6. Nf3 Nc6 7. Be2 Be7 8. O-O Qb6
9. Na4 Qa5 10. Nxc5 Nxc5 11. dxc5 Bxc5+ 12. Kh1 O-O 13. c3 Qb6 14. Qd3 Bd7 15. b4
Be7 16. a4 Rad8 17. Be3 Qc7 18. a5 a6 19. Bb6 Qc8 20. Nd4 Rde8 21. Rac1 Bd8 22. Bc5
Be7 23. c4 Bxc5 24. bxc5 Nxd4 25. Qxd4 dxc4 26. Bxc4 Bc6 27. Qc3 Rd8 28. Rf3 Bxf3
29. Qxf3 Qc6 30. Qh3 Rd4 31. Bd3 g6 32. Bb1 Rfd8 33. Rg1 Rd1 34. Bc2 Rxg1+ 35. Kxg1
Qd5 36. Qe3 Qd4 37. Kf2 Qxe3+ 38. Kxe3 Kf8 39. Be4 Rb8 40. c6 bxc6 41. Bxc6 Ke7 42.
h4 Kd8 43. g4 Kc7 44. Ba4 Rb4 45. Be8 Rb3+  0-1

[Event "1. OEsterreichische Internet Schach Meisterschaft - Vorrunde 3"]
[Site "Online - Playchess.com"]
[Date ""]
[Round "2"]
[Board "82"]
[White "Ardelt, Hannes"]
[Black "Prinz, Hubert"]
[Result "0-1"]
[WhiteElo "1732"]
[BlackElo "1956"]
[PlyCount "72"]
[EventDate "2020.04.17"]
[EventRounds "9"]
[EventCountry "AUT"]

1. b4 d5 2. Bb2 e6 3. e3 Nf6 4. b5 c6 5. a4 a6 6. Be2 axb5 7. axb5 Rxa1 8. Bxa1 cxb5
9. Bxb5+ Nc6 10. Nf3 Be7 11. O-O O-O 12. d3 Qa5 13. Bxc6 Qxa1 14. Bb5 Qa5 15. Nc3
Qxc3 16. Nd4 Bc5 17. Nf3 Qa5 18. Qb1 Qc7 19. c4 dxc4 20. Bxc4 Bd7 21. Rc1 Qb6 22.
Qc2 Bc6 23. Ne5 Bxe3 24. Nxc6 Bxc1 25. Ne7+ Kh8 26. Qxc1 Qd8 27. Qa3 Re8 28. h3 Qxe7
29. Qa4 Nd5 30. Qb5 g6 31. Qb2+ f6 32. f3 Kg7 33. Qf2 Rc8 34. Qd4 Qc5 35. Qxc5 Rxc5
36. Bxd5 Rxd5  0-1

[Event "1. OEsterreichische Internet Schach Meisterschaft - Vorrunde 3"]
[Site "Online - Playchess.com"]
[Date ""]
[Round "2"]
[Board "83"]
[White "Wimmer, Norbert"]
[Black "Thummer, Philipp"]
[Result "1-0"]
[WhiteElo "1973"]
[BlackElo "1207"]
[PlyCount "59"]
[EventDate "2020.04.17"]
[EventRounds "9"]
[EventCountry "AUT"]

1. d4 d6 2. Nf3 c6 3. g3 Bg4 4. Bg2 g6 5. O-O Bg7 6. b3 c5 7. e3 cxd4 8. exd4 Nc6
9. Bb2 d5 10. c3 Nf6 11. Nbd2 Ne4 12. h3 Nxd2 13. Qxd2 Bd7 14. c4 e6 15. a3 O-O 16.
Rfe1 Qc7 17. Rac1 Rae8 18. Ne5 f6 19. cxd5 fxe5 20. dxc6 Bxc6 21. Bxc6 bxc6 22. dxe5
Rd8 23. Qe3 Rd5 24. f4 Rc8 25. Red1 Rcd8 26. Qf3 Rxd1+ 27. Rxd1 Rxd1+ 28. Qxd1 Qb6+
29. Kg2 Qxb3 30. Qxb3  1-0

[Event "1. OEsterreichische Internet Schach Meisterschaft - Vorrunde 3"]
[Site "Online - Playchess.com"]
[Date ""]
[Round "2"]
[Board "84"]
[White "Kern, Michael"]
[Black "Ussar, Reinhard"]
[Result "1-0"]
[WhiteElo "1957"]
[BlackElo "1676"]
[PlyCount "32"]
[EventDate "2020.04.17"]
[EventRounds "9"]
[EventCountry "AUT"]

1. d4 Nf6 2. Bf4 g6 3. Nc3 d5 4. e3 Bg7 5. h4 a6 6. Be2 Nbd7 7. h5 gxh5 8. Nf3 e6
9. Ne5 Rg8 10. Bxh5 Nxh5 11. Qxh5 Bxe5 12. dxe5 Nf8 13. O-O-O b5 14. Ne4 Qe7 15.
Nf6+ Kd8 16. Nxg8 Kd7  1-0

[Event "1. OEsterreichische Internet Schach Meisterschaft - Vorrunde 3"]
[Site "Online - Playchess.com"]
[Date ""]
[Round "2"]
[Board "85"]
[White "Simon, Christopher"]
[Black "Moerwald, Miriam"]
[Result "1-0"]
[WhiteElo "1824"]
[BlackElo "1760"]
[PlyCount "131"]
[EventDate "2020.04.17"]
[EventRounds "9"]
[EventCountry "AUT"]

1. d4 d5 2. Bf4 Nf6 3. e3 c5 4. c3 Bf5 5. Nf3 e6 6. Bxb8 Rxb8 7. Bb5+ Nd7 8. Ne5
cxd4 9. Bxd7+ Ke7 10. Ba4 dxe3 11. fxe3 f6 12. Nf3 Qb6 13. Qd2 Kf7 14. O-O Bc5 15.
Re1 Rhd8 16. Bd1 Be4 17. Nd4 e5 18. Nb3 d4 19. exd4 exd4 20. Kh1 dxc3 21. Qxc3 Bf2
22. Bh5+ Kf8 23. Rxe4 Rbc8 24. Qb4+ Qxb4 25. Rxb4 Rc2 26. N1d2 Rxb2 27. Rxb7 g6 28.
Bf3 Rd3 29. Rf1 Rdxd2 30. Nxd2 Rxd2 31. h3 Rxa2 32. Rxf2 Rxf2 33. Rxa7 Rf1+ 34. Kh2
Rc1 35. Kg3 h5 36. Kf4 Rc4+ 37. Ke3 Rb4 38. Kd3 Rf4 39. Ke3 Rb4 40. Be4 Rb3+ 41.
Kd4 Rb5 42. Kc4 Rg5 43. Kd4 Rg3 44. Kd5 f5 45. Bf3 f4 46. Ke6 Rg5 47. Be4 Rb5 48.
Kf6 Rb6+ 49. Kg5 Rb5+ 50. Kxf4 Rb4 51. Ke5 Rb5+ 52. Bd5 Rb1 53. Kf6 Rf1+ 54. Kxg6
Rb1 55. Bf3 Rb6+ 56. Kxh5 Rb5+ 57. Kg4 Rb4+ 58. Kg3 Rb3 59. h4 Rb5 60. h5 Rb6 61.
Kg4 Rh6 62. Kg5 Rh7 63. Rxh7 Kg8 64. Ra7 Kh8 65. Kg6 Kg8 66. Ra8#  1-0

[Event "1. OEsterreichische Internet Schach Meisterschaft - Vorrunde 3"]
[Site "Online - Playchess.com"]
[Date ""]
[Round "2"]
[Board "86"]
[White "Lager, Johannes"]
[Black "Keim, Philipp"]
[Result "0-1"]
[WhiteElo "1611"]
[BlackElo "1926"]
[PlyCount "132"]
[EventDate "2020.04.17"]
[EventRounds "9"]
[EventCountry "AUT"]

1. c4 c6 2. d4 d5 3. Nc3 Nf6 4. g3 Bf5 5. Bg2 e6 6. Nf3 Bd6 7. O-O Nbd7 8. Bg5 O-O
9. c5 Bc7 10. b4 e5 11. e3 Re8 12. Re1 Bg4 13. Qc2 h6 14. Bxf6 Qxf6 15. Nd2 Bf5 16.
Qb2 exd4 17. exd4 Qxd4 18. Nb3 Qxb4 19. a3 Qg4 20. Qd2 Ne5 21. Nd4 Nc4 22. Qd1 Qxd1
23. Rexd1 Bg4 24. f3 Bd7 25. Nce2 Ne3 26. Rdb1 Rab8 27. Kf2 Nxg2 28. Kxg2 b6 29.
cxb6 axb6 30. Ra2 c5 31. Nb5 Bxb5 32. Rxb5 d4 33. Nf4 Bxf4 34. gxf4 Re3 35. a4 d3
36. Kf2 Re6 37. a5 Ra8 38. a6 c4 39. a7 c3 40. Rd5 c2 41. Ra1 Rxa7 42. Rc1 Rc6 43.
Rd8+ Kh7 44. Ke3 Ra3 45. Kd2 Rcc3 46. Rd7 b5 47. Rb7 Rab3 48. Rd7 Kg6 49. Rd6+ f6
50. Rd7 b4 51. Rd6 Ra3 52. Rb6 Rab3 53. Rb5 h5 54. Rd5 h4 55. Rb5 h3 56. Rxb4 Rxb4
57. Kxc3 Rb1 58. Kd2 Rxc1 59. Kxc1 Kf5 60. Kd2 Kxf4 61. Kc1 Ke3 62. Kb2 Kd2 63. Ka1
Kc3 64. Ka2 f5 65. Ka1 c1=Q+ 66. Ka2 Qb2#  0-1

[Event "1. OEsterreichische Internet Schach Meisterschaft - Vorrunde 3"]
[Site "Online - Playchess.com"]
[Date ""]
[Round "2"]
[Board "87"]
[White "Grosse, Manfred"]
[Black "Kwech, Gregor"]
[Result "1-0"]
[WhiteElo "1860"]
[BlackElo "1064"]
[PlyCount "127"]
[EventDate "2020.04.17"]
[EventRounds "9"]
[EventCountry "AUT"]

1. d4 Nf6 2. c4 g6 3. Nc3 Bg7 4. e4 d6 5. Bd3 O-O 6. Nge2 b6 7. f3 Bb7 8. Be3 Nbd7
9. Qd2 c5 10. d5 e6 11. O-O-O Re8 12. dxe6 fxe6 13. Bg5 Qc7 14. h4 Ne5 15. Qf4 Nxd3+
16. Rxd3 Rf8 17. Qxd6 Qxd6 18. Rxd6 Ne8 19. Rxe6 Nf6 20. Rd1 Rac8 21. Re7 Rf7 22.
Rxf7 Kxf7 23. Bxf6 Kxf6 24. Nd5+ Bxd5 25. Rxd5 Ke7 26. Kc2 a6 27. a4 Bf6 28. h5 Rd8
29. Rxd8 Kxd8 30. hxg6 hxg6 31. Nf4 g5 32. Nd5 Be5 33. Nxb6 Bc7 34. Nd5 Be5 35. b3
Kd7 36. Kd3 Kd6 37. Ke3 Bd4+ 38. Kd3 Be5 39. Ne3 Bd4 40. Nf5+ Ke5 41. Nxd4 cxd4 42.
g3 a5 43. c5 g4 44. f4+ Ke6 45. Kxd4 Kd7 46. Kc4 Kc6 47. b4 axb4 48. Kxb4 Kb7 49.
Kb5 Ka7 50. c6 Kb8 51. Kb6 Kc8 52. a5 Kb8 53. a6 Ka8 54. Kc7 Ka7 55. Kd7 Kb6 56.
c7 Kxa6 57. c8=Q+ Kb6 58. Qc6+ Ka5 59. Qb7 Ka4 60. Kc6 Ka3 61. Kc5 Ka2 62. Kc4 Ka1
63. Kc3 Ka2 64. Qb2#  1-0